Die drei Fragzeichen - Figuren - Statistiken

Allgemein
  • Dieses Quiz wurde 189 mal gespielt
  • Das Durchschnittsergebnis liegt bei 12 aus 27
Antwortstatistiken
Figur % Korrekt
Bob Andrews
100%
Justus Jonas
100%
Peter Shaw
100%
Titus Jonas
95%
Mathilda Jonas
93%
Skinny Norris
81%
Kommissar Samuel Reynolds
78%
Inspektor Cotta
73%
Victor Hugenay
53%
Morton
51%
Kelly Madigan
49%
Alfred Hitchcock
45%
Jeffrey Palmer
30%
Mr. Andrews
29%
Jelena Charkova
27%
Albert Hitfield
23%
Brittany
22%
Blacky
20%
Lys de Kerk
20%
Dr. Clarissa Franklin
19%
William M. Grey
19%
Elizabeth Zapata
18%
Patrick
18%
Dick Perry
16%
Kenneth
16%
Rubbish George
16%
Allie Jamison
14%
Keine übereinstimmenden Quizze gefunden
Verteilung der Resultate
Anzahl Personen mit jedem Resultat
Perzentil nach korrekt beantworteten Fragen
Ihre Resultats-Entwicklung
Sie haben dieses Quiz noch nicht gespielt